000 00494nam a2200181 a 4500
001 12378
005 20180713200633.0
008 140415s1976 sp 000 0 spa d
041 _aspa
082 _a711
_bCIE
100 1 _aHAGGETT, P.
245 1 0 _aANALISIS LOCACIONAL EN LA GEOGRAFIA HUMANA
250 _a1a ed.
260 _aESPAÑA :
_bG.GILI,
_c1976
490 _aCIENCIA URBANISTICA
_v17
650 1 4 _aSOCIOLOGIA URBANA
_xURBANIZACION
700 1 _aOBIOLS, J.M.
_etr.
999 _c12378
_d12378